000 00739na a2200265 4500
001 23148
003 MIRAKIL
005 20181213154955.0
008 170721b tu 000 0
020 _a9786054048113
040 _aMilas
_btur
_cTR-AnCHP
041 _atur
082 _a658.409
_bE74 2009
090 _a658.409 E74 2009
245 _aEtkili yönetim becerileri
_cproje İrfan Çiçek; Eğitmen İsmet Barutçugil
260 _aİstanbul
_bkitapdostu yayınları
_c2009
300 _a63 s.
_c19 sm.
440 _akitapdostu yayınları
_v10
490 _aKişisel gelişim
_v3
650 _aKişisel Gelişim
650 _aYönetim
700 _aBarutçugil, İsmet
700 _aÇiçek, İrfan
942 _2ddc
_cBKS
999 _c4159
_d4159